Wszystkie filmy w trylogii gwiezdnych wojen I-IX - Statystyki

Ogólne statystyki
  • Ten quiz został rozwiązany 232 razy
  • Średni wynik to 8 z 9
Statystyki odpowiedzi
Hint Odpowiedź % Poprawnych
IV Nowa Nadzieja
95%
V Imperium Kontratakuje
92%
III Zemsta Sithow
92%
I Mroczne Widmo
87%
VI Powrot Jedi
87%
II Atak Klonow
84%
VII Przebudzenie Mocy
83%
VIII Ostatni Jedi
82%
IX Skywalker Odrodzenie
82%
Nie znaleziono quizów pasujących do podanych kryteriów
Rozkład punktacji
Procent ludzi z każdym wynikiem
Percentyl według liczby udzielonych odpowiedzi
Twoja historia wyników
Nie rozwiązałeś tego quizu